[Event "41st Pan-American U20"]
[Site "Guatape COL"]
[Date "2016.06.22"]
[Round "5.2"]
[White "Vasquez, Guillermo"]
[Black "Cori Quispe, Kevin Joel"]
[Result "0-1"]
[WhiteElo "2401"]
[BlackElo "2353"]
[EventDate "2016.06.20"]
[PlyCount "68"]

1.e4 c5 2.Nf3 e6 3.g3 Nc6 4.Bg2 Nf6 5.d3 d5 6.Qe2 Be7 7.O-O O-O 8.e5 Ne8 
9.c4 Nc7 10.Nc3 b6 11.Rd1 Ba6 12.a4 Qd7 13.b3 Rad8 14.Bf4 Na5 15.Rab1 Bb7 
16.h4 a6 17.d4 Qc8 18.Bg5 Rfe8 19.Bxe7 Rxe7 20.cxd5 exd5 21.b4 cxb4 22.
Rxb4 Ne6 23.Nb1 Nc4 24.Nbd2 Rc7 25.Kh2 Bc6 26.Rc1 a5 27.Nxc4 axb4 28.Nxb6 
Qb8 29.a5 Bb5 30.Qd2 Rxc1 31.Qxc1 Qa7 32.Qa1 Rb8 33.Nxd5 Bc6 34.Nxb4 Bxf3 
0-1

[Event "41st Pan-American U20"]
[Site "Guatape COL"]
[Date "2016.06.22"]
[Round "5.3"]
[White "Santiago Vilca, Christian Amil"]
[Black "Viswanadha, Kesav"]
[Result "1/2-1/2"]
[WhiteElo "2269"]
[BlackElo "2377"]
[EventDate "2016.06.20"]
[PlyCount "87"]

1.d4 Nf6 2.c4 e6 3.Nf3 b6 4.g3 Ba6 5.Nbd2 Bb7 6.Bg2 Be7 7.O-O O-O 8.b3 d5 
9.Bb2 Nbd7 10.cxd5 exd5 11.Rc1 Re8 12.Ne5 Nxe5 13.dxe5 Nd7 14.Qc2 c5 15.
Nc4 Qc8 16.Ne3 d4 17.Nd5 Nxe5 18.Bxd4 Bd6 19.Qb2 Qe6 20.Nc7 Bxc7 21.Bxb7 
Rab8 22.Bg2 Qg6 23.Bc3 h5 24.Rfd1 h4 25.Bxe5 Bxe5 26.Qc2 Qf6 27.e3 Re7 28.
Rd5 Qh6 29.Rcd1 g6 30.Rd7 Rbe8 31.Qd3 Kg7 32.Rxe7 Rxe7 33.Qd8 Bf6 34.Rd7 
Qg5 35.f4 Rxd7 36.Qxd7 Qf5 37.Qxf5 gxf5 38.Bf1 hxg3 39.hxg3 Bc3 40.Kf2 Kf6
41.Kf3 Ba1 42.e4 fxe4+ 43.Kxe4 Bd4 44.Bc4 1/2-1/2

[Event "41st Pan-American U20"]
[Site "Guatape COL"]
[Date "2016.06.22"]
[Round "5.4"]
[White "Gracia Alvarez, Gerardo An"]
[Black "Ruiz Castillo, Joshua Daniel"]
[Result "1-0"]
[WhiteElo "2241"]
[BlackElo "2399"]
[EventDate "2016.06.20"]
[PlyCount "111"]

1.d4 Nf6 2.c4 e6 3.g3 d5 4.Nf3 b6 5.cxd5 exd5 6.Bg2 Be7 7.O-O O-O 8.Ne5 
Bb7 9.Qa4 c5 10.Nc3 Qc8 11.Bg5 Rd8 12.Rad1 h6 13.Be3 Na6 14.Qc2 Qe6 15.f4 
Bf8 16.Qb1 cxd4 17.Bxd4 Nc5 18.b4 Nce4 19.Qb2 Rac8 20.Rc1 Nd6 21.Nb1 Nfe4 
22.a3 h5 23.Rxc8 Rxc8 24.Rc1 Kh7 25.Rxc8 Qxc8 26.Nd2 h4 27.Nxe4 dxe4 28.
Qc3 Qe6 29.g4 Nb5 30.Qe3 f6 31.Bxe4+ Bxe4 32.Qxe4+ Kg8 33.f5 Qd6 34.Nf3 
Nxa3 35.g5 fxg5 36.Nxg5 Nb5 37.Bb2 Qd1+ 38.Kf2 Qb3 39.Qxh4 Bc5+ 40.bxc5 
Qxb2 41.Qc4+ Kh8 42.Qh4+ Kg8 43.Qc4+ Kh8 44.c6 Nc7 45.Qh4+ Kg8 46.Qc4+ Kh8
47.Qf4 Ne8 48.Qh4+ Kg8 49.Qc4+ Kh8 50.c7 Nxc7 51.Qxc7 Qd4+ 52.Kf3 Qd5+ 53.
Kg3 Qb3+ 54.Kf4 Qb4+ 55.Kf3 Qc3+ 56.Qxc3 1-0

[Event "41st Pan-American U20"]
[Site "Guatape COL"]
[Date "2016.06.22"]
[Round "5.5"]
[White "Acosta, Pablo Ismael"]
[Black "Jimenez Garcia, Emmanuel"]
[Result "1/2-1/2"]
[WhiteElo "2380"]
[BlackElo "2218"]
[EventDate "2016.06.20"]
[PlyCount "60"]

1.Nf3 c5 2.c4 d6 3.g3 e5 4.Nc3 Nf6 5.Bg2 Nc6 6.O-O Be7 7.Ne1 Be6 8.d3 h6 
9.Nc2 d5 10.cxd5 Nxd5 11.Ne3 Nb6 12.b3 O-O 13.Bb2 Rc8 14.Nc4 f6 15.Rc1 Nd5
16.Nxd5 Bxd5 17.Bh3 Rc7 18.e4 Bf7 19.Ne3 Re8 20.Nf5 Bf8 21.f4 exf4 22.gxf4
g6 23.Qg4 Qxd3 24.Qh4 gxf5 25.Rc3 Qd4+ 26.Rf2 Qd1+ 27.Rf1 Qd4+ 28.Rf2 Qd1+
29.Rf1 Qd4+ 30.Rf2 Qd1+ 1/2-1/2

[Event "41st Pan-American U20"]
[Site "Guatape COL"]
[Date "2016.06.22"]
[Round "5.6"]
[White "Ampie, Mauro"]
[Black "Blandon, Luis Guillermo"]
[Result "1/2-1/2"]
[WhiteElo "2373"]
[BlackElo "2260"]
[EventDate "2016.06.20"]
[PlyCount "67"]

1.e4 c5 2.Nc3 a6 3.g3 b5 4.Bg2 Bb7 5.d3 e6 6.f4 d5 7.f5 exf5 8.exd5 Bd6 9.
Nce2 Nf6 10.c4 Nbd7 11.Nf3 Qc7 12.O-O O-O-O 13.Ng5 Ne5 14.Rxf5 bxc4 15.
dxc4 Nxc4 16.Qc2 Nb6 17.Nc3 Rhe8 18.Bd2 Re5 19.Bf4 Rxf5 20.Qxf5+ Kb8 21.
Bxd6 Rxd6 22.Rd1 g6 23.Qe5 Nfxd5 24.Nxf7 Rd7 25.Nxd5 Nxd5 26.Bxd5 Qxe5 27.
Nxe5 Rxd5 28.Nd7+ Ka7 29.Rxd5 Bxd5 30.Nxc5 Bxa2 31.Kf2 Kb6 32.Nd7+ Kb5 33.
Nf6 Kb4 34.Nxh7 1/2-1/2

[Event "41st Pan-American U20"]
[Site "Guatape COL"]
[Date "2016.06.22"]
[Round "5.7"]
[White "Obando Guzman, Soren Federico"]
[Black "Barros Rivadeneira, Cristhian"]
[Result "0-1"]
[WhiteElo "1992"]
[BlackElo "2283"]
[EventDate "2016.06.20"]
[PlyCount "32"]

1.d4 Nf6 2.Nf3 g6 3.c4 c5 4.d5 b5 5.cxb5 a6 6.b6 d6 7.Nc3 Nbd7 8.Nd2 Nxb6 
9.e4 Bg7 10.Nc4 O-O 11.Bf4 Rb8 12.Ne3 Na8 13.Qd2 Nxe4 14.Nxe4 Rxb2 15.Qc1 
Qa5+ 16.Kd1 Qa4+ 0-1

[Event "41st Pan-American U20"]
[Site "Guatape COL"]
[Date "2016.06.22"]
[Round "5.8"]
[White "Gonzalez Lopez, Nicolas Mateo"]
[Black "Cofre Archibold, Nestor"]
[Result "0-1"]
[WhiteElo "2100"]
[BlackElo "2215"]
[EventDate "2016.06.20"]
[PlyCount "80"]

1.e4 g6 2.d4 Bg7 3.Nf3 c5 4.Nc3 cxd4 5.Nxd4 Nc6 6.Be3 Nf6 7.f3 O-O 8.Qd2 
d5 9.O-O-O dxe4 10.Nxc6 Qxd2+ 11.Rxd2 bxc6 12.Nxe4 Nxe4 13.fxe4 Be6 14.Kb1
Rfb8 15.b3 a5 16.Bd4 a4 17.Bxg7 Kxg7 18.Kb2 Rb4 19.Bd3 c5 20.Kc3 Kf6 21.
Rf1+ Ke5 22.Bc4 axb3 23.Bxe6 Kxe6 24.axb3 Rxe4 25.Rfd1 f5 26.Rd5 Rc8 27.
R1d2 h5 28.R5d3 g5 29.Rf2 g4 30.Kd2 f4 31.Re2 Rxe2+ 32.Kxe2 c4 33.Rd4 cxb3
34.cxb3 Rc2+ 35.Kf1 Ke5 36.Ra4 Rb2 37.b4 Kf5 38.Ra5+ e5 39.b5 h4 40.Kg1 g3
0-1

[Event "41st Pan-American U20"]
[Site "Guatape COL"]
[Date "2016.06.22"]
[Round "5.9"]
[White "Gomez Sanchez, Jorge Marcos"]
[Black "Soto, Miguel Angel"]
[Result "1-0"]
[WhiteElo "2398"]
[BlackElo "1972"]
[EventDate "2016.06.20"]
[PlyCount "105"]

1.e4 c5 2.Nf3 d6 3.Nc3 Nf6 4.e5 dxe5 5.Nxe5 e6 6.Bb5+ Nbd7 7.d4 a6 8.Bxd7+
Nxd7 9.Qh5 g6 10.Qf3 Qf6 11.Qxf6 Nxf6 12.Bg5 Nd7 13.Ne4 cxd4 14.Nxd7 Kxd7 
15.Bf6 Rg8 16.O-O-O Bg7 17.Rxd4+ Kc7 18.Rhd1 Bxf6 19.Nxf6 Rh8 20.Rc4+ Kb8 
21.Nd7+ Ka7 22.Rc7 Rd8 23.Nf6 Rxd1+ 24.Kxd1 e5 25.Rxf7 Bf5 26.g4 Rd8+ 27.
Kc1 Bc8 28.Re7 Rd4 29.h3 Rf4 30.Nxh7 Rxf2 31.Rxe5 Rf3 32.Ng5 Rg3 33.Re7 
Kb8 34.Kd2 Rg2+ 35.Re2 Rg3 36.Ke1 Rg1+ 37.Kf2 Rd1 38.Kg3 Rf1 39.Nf3 Ra1 
40.a3 Rb1 41.c3 Rd1 42.Rd2 Rf1 43.Kg2 Rc1 44.Ne5 b5 45.Nxg6 Bb7+ 46.Kg3 
Rg1+ 47.Kh4 Be4 48.Nf4 Rf1 49.Kg5 Rf3 50.Rd8+ Kc7 51.Ne6+ Kb6 52.Rd6+ Ka7 
53.Nc5 1-0

[Event "41st Pan-American U20"]
[Site "Guatape COL"]
[Date "2016.06.22"]
[Round "5.10"]
[White "Squella Lavin, Carlos Felipe"]
[Black "Nieto Rodriguez, Alejandro"]
[Result "0-1"]
[WhiteElo "2221"]
[BlackElo "2203"]
[EventDate "2016.06.20"]
[PlyCount "72"]

1.d4 Nf6 2.c4 e6 3.Nf3 b6 4.g3 Bb7 5.Bg2 Be7 6.O-O O-O 7.d5 exd5 8.Nh4 c6 
9.cxd5 cxd5 10.Nc3 Na6 11.Nf5 Nc7 12.Bf4 d6 13.Ne3 Re8 14.Rc1 h6 15.h4 Qd7
16.Qb3 Ne6 17.Nexd5 Nxd5 18.Nxd5 Bxd5 19.Bxd5 Nxf4 20.Bxf7+ Kf8 21.Bxe8 
Nxe2+ 22.Kh2 Rxe8 23.Rce1 Bf6 24.Qd3 Nd4 25.Re3 Rxe3 26.fxe3 Nc6 27.Qd5 
Ne7 28.Qe4 Qb5 29.Qa8+ Kf7 30.Rf2 a5 31.g4 Qe5+ 32.Kg2 Qxe3 33.Qb7 d5 34.
Rf3 Qe2+ 35.Kg3 Qe1+ 36.Kh3 Qxh4+ 0-1

[Event "41st Pan-American U20"]
[Site "Guatape COL"]
[Date "2016.06.22"]
[Round "5.11"]
[White "Rengifo Blancas, Renzo Jhonath"]
[Black "Ostrovskiy, Aleksandr A"]
[Result "0-1"]
[WhiteElo "2140"]
[BlackElo "2390"]
[EventDate "2016.06.20"]
[PlyCount "80"]

1.Nf3 d5 2.d4 e6 3.g3 b5 4.Bg2 Nf6 5.O-O Be7 6.Nbd2 Nbd7 7.Ne5 Bb7 8.Ndf3 
O-O 9.b3 c5 10.dxc5 Nxc5 11.Nd4 Qb6 12.Bb2 Rfd8 13.e3 Rac8 14.f3 a6 15.Nd3
Ne8 16.Re1 Bf6 17.Rc1 Nd6 18.Qd2 e5 19.Ne2 Nc4 20.bxc4 dxc4 21.Bd4 exd4 
22.Nxc5 dxe3 23.Qxe3 Qxc5 24.Qxc5 Rxc5 25.Rcd1 Rxd1 26.Rxd1 Rd5 27.Rxd5 
Bxd5 28.Kf2 Kf8 29.Ke3 Ke7 30.c3 Kd6 31.Kd2 g5 32.h3 h5 33.g4 h4 34.Ke3 
Kc5 35.a3 Kb6 36.Nd4 Ka5 37.Bf1 Ka4 38.Be2 Kxa3 39.Nc2+ Kb2 40.Nb4 Bb7 0-1

[Event "41st Pan-American U20"]
[Site "Guatape COL"]
[Date "2016.06.22"]
[Round "5.12"]
[White "Heinechen, Juan"]
[Black "Campos Jimenez, Augusto Cesar"]
[Result "0-1"]
[WhiteElo "2080"]
[BlackElo "2337"]
[EventDate "2016.06.20"]
[PlyCount "92"]

1.e4 c5 2.Nf3 d6 3.d4 cxd4 4.Nxd4 Nf6 5.Nc3 a6 6.h3 e6 7.g4 Be7 8.g5 Nfd7 
9.Be3 b5 10.a3 Bb7 11.h4 Nc6 12.Qe2 O-O 13.Nxc6 Bxc6 14.f4 a5 15.Bg2 b4 
16.Nd1 Qb8 17.a4 Qb7 18.Nf2 Rfc8 19.h5 Nf8 20.Qd3 Rd8 21.b3 d5 22.e5 d4 
23.Bxc6 Qxc6 24.Bd2 Rac8 25.O-O-O Rd5 26.Kb2 Nd7 27.Ne4 Nc5 28.Nxc5 Rxc5 
29.Rc1 Rc3 30.Qxd4 Bc5 31.Bxc3 bxc3+ 32.Qxc3 Ba3+ 33.Kxa3 Qxc3 34.Rhd1 
Qb4+ 35.Ka2 Qxf4 36.c4 Qxe5 37.c5 h6 38.g6 Qxh5 39.c6 fxg6 40.Rd7 Qh2+ 41.
Ka3 Rc7 42.Rd8+ Kh7 43.Rc3 Qh1 44.b4 Qa1+ 45.Kb3 Qb1+ 46.Ka3 axb4# 0-1

[Event "41st Pan-American U20"]
[Site "Guatape COL"]
[Date "2016.06.22"]
[Round "5.13"]
[White "Escalante Ramirez, Brian Sebas"]
[Black "Rosero, Jefferson"]
[Result "1/2-1/2"]
[WhiteElo "2300"]
[BlackElo "2090"]
[EventDate "2016.06.20"]
[PlyCount "64"]

1.e4 c5 2.Nf3 Nc6 3.d4 cxd4 4.Nxd4 Nf6 5.Nc3 e5 6.Ndb5 d6 7.Nd5 Nxd5 8.
exd5 Nb8 9.Qf3 a6 10.Qa3 Be7 11.Bg5 f6 12.Bd2 O-O 13.c4 f5 14.Be2 f4 15.
Bd3 f3 16.gxf3 Rxf3 17.Bxh7+ Kxh7 18.Qxf3 axb5 19.Rg1 Bf8 20.Bg5 Qe8 21.
cxb5 Nd7 22.b4 e4 23.Qh3+ Kg8 24.Qe6+ Qxe6 25.dxe6 Ne5 26.e7 Nf3+ 27.Ke2 
Nxg1+ 28.Rxg1 Bd7 29.exf8=Q+ Kxf8 30.Bf4 Rxa2+ 31.Ke3 Bxb5 32.Bxd6+ Kf7 
1/2-1/2

[Event "41st Pan-American U20"]
[Site "Guatape COL"]
[Date "2016.06.22"]
[Round "5.14"]
[White "Salcedo, Pablo Esteban"]
[Black "Husbands, Orlando"]
[Result "1/2-1/2"]
[WhiteElo "2035"]
[BlackElo "2233"]
[EventDate "2016.06.20"]
[PlyCount "107"]

1.d4 Nf6 2.c4 e6 3.Nf3 d5 4.Nc3 dxc4 5.e3 a6 6.a4 c5 7.Bxc4 cxd4 8.Nxd4 
Qc7 9.Be2 Bc5 10.O-O O-O 11.Qc2 e5 12.Nf3 Qe7 13.e4 h6 14.h3 Nc6 15.Bc4 
Be6 16.Bxe6 fxe6 17.Qe2 Nh5 18.Be3 Nf4 19.Bxf4 Rxf4 20.Qc4 Raf8 21.Ne2 
Rxf3 22.gxf3 Bd4 23.f4 Qh4 24.Qxe6+ Kh7 25.Qg4 Qe7 26.f5 Bxb2 27.Rab1 Bd4 
28.Kh1 Bc5 29.Nc3 Rb8 30.Qg6+ Kh8 31.Rg1 Bxf2 32.Nd5 Qf8 33.Rg4 Ne7 34.
Nxe7 Qxe7 35.f6 Qxf6 36.Qxf6 gxf6 37.Rf1 Be3 38.Rxf6 b5 39.Rxa6 b4 40.Rg2 
b3 41.Rb2 Bd4 42.Rb1 Kg7 43.Ra5 b2 44.Rb5 Ra8 45.a5 Kf6 46.Kg2 Kg5 47.Kg3 
Rc8 48.R1xb2 Bxb2 49.Rxb2 Rc3+ 50.Kg2 Ra3 51.Rf2 Rxa5 52.Rf5+ Kg6 53.Kg3 
Rb5 54.Kg4 1/2-1/2

[Event "41st Pan-American U20"]
[Site "Guatape COL"]
[Date "2016.06.22"]
[Round "5.15"]
[White "Oliva Meneses, Juan Carlos"]
[Black "Suarez Ohiggins, Luis"]
[Result "1-0"]
[WhiteElo "2216"]
[BlackElo "1936"]
[EventDate "2016.06.20"]
[PlyCount "99"]

1.Nf3 Nf6 2.g3 e6 3.Bg2 d5 4.O-O Be7 5.d3 O-O 6.Nbd2 c5 7.e4 Nc6 8.Re1 Re8
9.e5 Nd7 10.Nf1 Qc7 11.Bf4 b5 12.h4 Bb7 13.h5 h6 14.N1h2 Nd4 15.Ng4 Bf8 
16.Nh4 b4 17.Qd2 Kh7 18.c3 Nb5 19.d4 a6 20.Rac1 bxc3 21.bxc3 Qa5 22.Qc2+ 
Kg8 23.a4 Na7 24.Bd2 Qc7 25.Qd1 Qd8 26.Bf1 cxd4 27.cxd4 Nc6 28.Be3 a5 29.
Bb5 Rc8 30.Qf3 Qe7 31.Rb1 Rc7 32.Red1 Rec8 33.Rb3 Kh8 34.Bd3 Nb4 35.Bb1 
Nb6 36.Bd2 Ba6 37.Nf5 exf5 38.Qxf5 g6 39.hxg6 fxg6 40.Qxg6 Rc6 41.Nf6 Qg7 
42.Qh5 Nxa4 43.Kg2 Rxf6 44.exf6 Qxf6 45.Bf4 Kg8 46.Qg4+ Bg7 47.Be5 Qf7 48.
Rf3 Qb7 49.Qe6+ Kh8 50.Qxh6+ 1-0

[Event "41st Pan-American U20"]
[Site "Guatape COL"]
[Date "2016.06.22"]
[Round "5.16"]
[White "Tapia, Alexei"]
[Black "Quinonez Garcia, Santiago"]
[Result "1-0"]
[WhiteElo "2204"]
[BlackElo "2125"]
[EventDate "2016.06.20"]
[PlyCount "81"]

1.Nf3 d5 2.g3 c6 3.Bg2 Bg4 4.c4 e6 5.O-O Nf6 6.d3 Be7 7.Qc2 O-O 8.e4 Nbd7 
9.Nc3 dxc4 10.dxc4 e5 11.Be3 Qc7 12.Ne1 Be6 13.b3 Ng4 14.Bd2 Rfc8 15.h3 
Ngf6 16.f4 Nf8 17.f5 Bd7 18.Nd3 c5 19.Bg5 h6 20.Bxf6 Bxf6 21.Nd5 Qd6 22.
Rad1 b6 23.Nf2 Bd8 24.Ng4 Qb8 25.Bf3 h5 26.Nge3 h4 27.gxh4 Bxh4 28.Ng4 Bc6
29.f6 Bxd5 30.exd5 Qd6 31.fxg7 Kxg7 32.Qf5 Ng6 33.Be4 Rc7 34.Rf3 Re7 35.
Rdf1 Rf8 36.Ne3 Qd7 37.Qh5 Rh8 38.Nf5+ Kf8 39.Nh6 Kg7 40.Rxf7+ Rxf7 41.
Qxg6+ 1-0

[Event "41st Pan-American U20"]
[Site "Guatape COL"]
[Date "2016.06.22"]
[Round "5.18"]
[White "Yepez, Yeison Alexander"]
[Black "Noboa, Kevin"]
[Result "0-1"]
[WhiteElo "1968"]
[BlackElo "2201"]
[EventDate "2016.06.20"]
[PlyCount "64"]

1.d4 e6 2.c4 Bb4+ 3.Bd2 a5 4.Nf3 Nf6 5.Qc2 Bxd2+ 6.Nbxd2 d6 7.e3 Nc6 8.Be2
O-O 9.O-O e5 10.a3 a4 11.Nb1 Bg4 12.d5 Ne7 13.Nc3 Qd7 14.Ne1 Rfc8 15.f3 
Bf5 16.e4 Bg6 17.Bd1 c6 18.Qd2 cxd5 19.cxd5 Nh5 20.Nd3 f5 21.Nf2 fxe4 22.
fxe4 Nf6 23.Bc2 Rf8 24.Bd3 Qd8 25.Nb5 Qb6 26.Nc3 Nd7 27.Rae1 Nc5 28.Bc2 
Rf7 29.Kh1 Raf8 30.Re2 Bh5 31.Re3 Qxb2 32.h3 Nb3 0-1

[Event "41st Pan-American U20"]
[Site "Guatape COL"]
[Date "2016.06.22"]
[Round "5.21"]
[White "Posada, Juan Manuel"]
[Black "Ruiz Agudelo, Santiago"]
[Result "1/2-1/2"]
[WhiteElo "2041"]
[BlackElo "1722"]
[EventDate "2016.06.20"]
[PlyCount "72"]

1.e4 c5 2.Nf3 d6 3.d4 cxd4 4.Nxd4 Nf6 5.Nc3 a6 6.Bg5 e6 7.f4 Be7 8.Qf3 h6 
9.Qh3 b5 10.Bd3 Bb7 11.e5 Nd5 12.Nxe6 fxe6 13.Bg6+ Kd7 14.Bf7 hxg5 15.
Qxe6+ Kc7 16.Nxd5+ Bxd5 17.Qxd5 Nc6 18.O-O-O dxe5 19.Qb3 Nd4 20.Qe3 Rf8 
21.Bh5 Rf5 22.fxe5 Bc5 23.b4 Bb6 24.Qc3+ Kb8 25.Rhe1 Ra7 26.e6 Rc7 27.Qg3 
Qe7 28.c3 Ka7 29.Kb1 Nxe6 30.Bg4 Bf2 31.Rxe6 Bxg3 32.Rxe7 Rxe7 33.Bxf5 
Bxh2 34.g4 Be5 35.Rd3 Rc7 36.Kc2 Kb6 1/2-1/2

[Event "41st Pan-American U20"]
[Site "Guatape COL"]
[Date "2016.06.22"]
[Round "5.22"]
[White "Cotto Mux, Hector Vinicio"]
[Black "Calero, Hector Andres"]
[Result "1-0"]
[WhiteElo "1939"]
[BlackElo "1845"]
[EventDate "2016.06.20"]
[PlyCount "55"]

1.d4 Nf6 2.Nf3 g6 3.g3 Bg7 4.Bg2 O-O 5.O-O d6 6.c4 Nc6 7.b3 a6 8.Bb2 Rb8 
9.d5 Ne5 10.Nxe5 dxe5 11.Bxe5 b5 12.Nd2 Bb7 13.e4 Re8 14.f4 Nd7 15.Bxg7 
Kxg7 16.Nf3 c5 17.e5 Nb6 18.Rc1 e6 19.dxe6 Rxe6 20.Ng5 Re8 21.Qxd8 Rexd8 
22.Bxb7 Rxb7 23.cxb5 axb5 24.Rxc5 h6 25.Ne4 Rd4 26.Nd6 Ra7 27.Nxb5 Rxa2 
28.Nxd4 1-0

[Event "41st Pan-American U20"]
[Site "Guatape COL"]
[Date "2016.06.22"]
[Round "5.25"]
[White "Acevedo Del Rio, Andres F"]
[Black "Lopez Gonzalez, Carlos Andres"]
[Result "0-1"]
[WhiteElo "1835"]
[BlackElo "1482"]
[EventDate "2016.06.20"]
[PlyCount "62"]

1.Nf3 c5 2.e4 d6 3.b3 Nf6 4.e5 dxe5 5.Nxe5 g6 6.Bb5+ Nbd7 7.Bb2 Bg7 8.O-O 
O-O 9.Nf3 a6 10.Be2 Qc7 11.d4 cxd4 12.Bxd4 Rd8 13.Nbd2 b6 14.c4 Bb7 15.Qc2
Rac8 16.Rac1 Re8 17.Rfd1 e5 18.Bb2 b5 19.Qb1 b4 20.Ng5 Nc5 21.Qa1 Qe7 22.
Nf1 Bh6 23.h4 Nfe4 24.Nxe4 Nxe4 25.h5 Bxc1 26.Bxc1 Qc5 27.Be3 Qe7 28.Bf3 
Bc6 29.Nd2 Nxd2 30.Bxc6 Rxc6 31.Rxd2 Rcc8 0-1

[Event "41st Pan-American U20"]
[Site "Guatape COL"]
[Date "2016.06.22"]
[Round "5.26"]
[White "Correa, Daniel"]
[Black "Fernandez, Nelson Wilfredo"]
[Result "1/2-1/2"]
[WhiteElo "1716"]
[BlackElo "1814"]
[EventDate "2016.06.20"]
[PlyCount "70"]

1.d4 d5 2.c4 c6 3.Nc3 Nf6 4.e3 Bf5 5.Qb3 Qb6 6.Qxb6 axb6 7.cxd5 cxd5 8.Nf3
Nc6 9.Bb5 Bd7 10.Ne5 e6 11.Nxd7 Nxd7 12.O-O Bd6 13.Bd2 O-O 14.Rac1 Rac8 
15.Rfe1 Rfd8 16.e4 dxe4 17.Nxe4 Be7 18.Red1 Nf6 19.Nxf6+ Bxf6 20.Be3 Rd6 
21.Bf4 Rxd4 22.Rxd4 Bxd4 23.b3 Rd8 24.h3 Bc5 25.Be3 Bxe3 26.fxe3 Rd6 27.
Kf2 Kf8 28.a4 Rd2+ 29.Kf3 Rb2 30.Bxc6 bxc6 31.Rxc6 Rxb3 32.Rc8+ Ke7 33.Rb8
Ra3 34.Rxb6 Rxa4 35.Rb7+ Kf6 1/2-1/2

[Event "41st Pan-American U20"]
[Site "Guatape COL"]
[Date "2016.06.23"]
[Round "6.2"]
[White "Barros Rivadeneira, Cristhian"]
[Black "Santiago Vilca, Christian Amil"]
[Result "1/2-1/2"]
[WhiteElo "2283"]
[BlackElo "2269"]
[EventDate "2016.06.20"]
[PlyCount "76"]

1.c4 Nf6 2.Nc3 g6 3.g3 Bg7 4.Bg2 O-O 5.Nf3 d6 6.O-O Nc6 7.d4 Bf5 8.d5 Na5 
9.Nd2 c5 10.e4 Bd7 11.Qc2 a6 12.b3 b5 13.Bb2 Rb8 14.Rab1 e6 15.Nd1 exd5 
16.cxd5 Rc8 17.Ne3 Re8 18.h3 Nh5 19.Bxg7 Nxg7 20.Qc3 Nb7 21.Kh2 f5 22.exf5
Nxf5 23.Nxf5 Bxf5 24.Rbe1 Qa5 25.Qb2 Bd3 26.Rg1 Qc7 27.Be4 Qf7 28.f4 c4 
29.Bxd3 cxd3 30.Qd4 Rc2 31.Qxd3 Rxa2 32.Rxe8+ Qxe8 33.Rg2 Qe1 34.Re2 Nc5 
35.Qe3 Rxd2 36.Qe8+ Kg7 37.Qe7+ Kg8 38.Qe8+ Kg7 1/2-1/2

[Event "41st Pan-American U20"]
[Site "Guatape COL"]
[Date "2016.06.23"]
[Round "6.3"]
[White "Blandon, Luis Guillermo"]
[Black "Gracia Alvarez, Gerardo An"]
[Result "0-1"]
[WhiteElo "2260"]
[BlackElo "2241"]
[EventDate "2016.06.20"]
[PlyCount "103"]

1.e4 e5 2.Nf3 Nc6 3.Bb5 Nf6 4.d3 Bc5 5.c3 O-O 6.O-O d6 7.h3 Ne7 8.Re1 Ng6 
9.d4 Bb6 10.Nbd2 c6 11.Bf1 Re8 12.dxe5 dxe5 13.Qc2 h6 14.Nc4 Bc7 15.g3 Be6
16.a4 a5 17.Ne3 Nh7 18.Kh2 Qf6 19.Bg2 Rad8 20.Bd2 Ng5 21.Nxg5 hxg5 22.Nf5 
Nf8 23.Be3 g6 24.Nh6+ Kg7 25.Ng4 Qe7 26.Bc1 Bc8 27.Ne3 Ne6 28.Bf3 Rh8 29.
Bg4 Nc5 30.Kg2 Rh7 31.Bxc8 Rxc8 32.Rh1 Rch8 33.Bd2 Qe6 34.Ng4 f5 35.exf5 
gxf5 36.Ne3 f4 37.Nf5+ Kf6 38.g4 e4 39.c4 f3+ 40.Kg1 Rxh3 41.Rxh3 Rxh3 42.
Qc1 Bh2+ 43.Kf1 Bf4 44.Kg1 Nd3 45.Qc3+ Be5 46.Qxa5 Qe8 47.Ng3 Kg6 48.Bc3 
b6 49.Qa7 Bxc3 50.bxc3 Qe5 51.Nf1 Qh8 52.Ng3 0-1

[Event "41st Pan-American U20"]
[Site "Guatape COL"]
[Date "2016.06.23"]
[Round "6.4"]
[White "Albornoz Cabrera, Carlos Danie"]
[Black "Ampie, Mauro"]
[Result "1-0"]
[WhiteElo "2471"]
[BlackElo "2373"]
[EventDate "2016.06.20"]
[PlyCount "107"]

1.Nf3 Nf6 2.c4 e6 3.Nc3 Bb4 4.Qc2 O-O 5.a3 Bxc3 6.Qxc3 d5 7.e3 b6 8.b4 c5 
9.Bb2 Nbd7 10.d3 Bb7 11.Ne5 Nxe5 12.Qxe5 cxb4 13.axb4 dxc4 14.dxc4 Qe7 15.
Qc3 e5 16.Qxe5 Qxb4+ 17.Qc3 Qxc3+ 18.Bxc3 Ne4 19.Bd4 Rfc8 20.Rc1 Nc5 21.f3
Nb3 22.Rb1 Nxd4 23.exd4 Rd8 24.d5 Kf8 25.Kd2 Ke7 26.Bd3 Kd6 27.Ra1 Rd7 28.
Rhb1 h6 29.Kc3 Ke5 30.g3 Rc7 31.f4+ Kd6 32.Kd4 Re7 33.Rb2 Rc7 34.h4 Re7 
35.h5 Rc7 36.g4 Re7 37.Rb4 Bc8 38.g5 hxg5 39.fxg5 Bg4 40.Rxb6+ axb6 41.
Rxa8 Bxh5 42.Ra6 Kc7 43.c5 bxc5+ 44.Kxc5 Re5 45.g6 fxg6 46.Ra7+ Kb8 47.
Rxg7 Bf3 48.Bc4 g5 49.Kb6 Re8 50.Bb5 Rd8 51.Bc6 g4 52.Rb7+ Kc8 53.Ra7 Rxd5
54.Ra8# 1-0

[Event "41st Pan-American U20"]
[Site "Guatape COL"]
[Date "2016.06.23"]
[Round "6.5"]
[White "Viswanadha, Kesav"]
[Black "Vasquez, Guillermo"]
[Result "1-0"]
[WhiteElo "2377"]
[BlackElo "2401"]
[EventDate "2016.06.20"]
[PlyCount "85"]

1.e4 c6 2.d4 d5 3.e5 Bf5 4.Nf3 e6 5.Be2 Ne7 6.O-O c5 7.c4 Nbc6 8.Nc3 dxc4 
9.dxc5 Nd5 10.Nxd5 Qxd5 11.Qxd5 exd5 12.Be3 O-O-O 13.Nd4 Nxd4 14.Bxd4 Kc7 
15.b3 Kc6 16.Rfd1 Bxc5 17.bxc4 Be4 18.Rac1 b6 19.Bxc5 bxc5 20.f3 Bf5 21.
cxd5+ Rxd5 22.Bb5+ Kxb5 23.Rxd5 Rc8 24.a3 Be6 25.Rd6 c4 26.Rc3 Kc5 27.Kf2 
Rb8 28.Ke3 Rb2 29.Rd2 Rb1 30.g4 a5 31.h4 Bd5 32.Ke2 a4 33.Re3 Rc1 34.Rd1 
Rc2+ 35.Rd2 Rc1 36.f4 Rb1 37.f5 Rb6 38.g5 g6 39.e6 fxe6 40.fxe6 Rxe6 41.
Rxe6 Bxe6 42.Rd8 Bd5 43.Ke3 1-0

[Event "41st Pan-American U20"]
[Site "Guatape COL"]
[Date "2016.06.23"]
[Round "6.6"]
[White "Cofre Archibold, Nestor"]
[Black "Gomez Sanchez, Jorge Marcos"]
[Result "0-1"]
[WhiteElo "2215"]
[BlackElo "2398"]
[EventDate "2016.06.20"]
[PlyCount "90"]

1.e4 c5 2.Nf3 Nc6 3.Bb5 g6 4.Bxc6 dxc6 5.d3 Bg7 6.h3 e5 7.Be3 Qe7 8.Qd2 h6
9.Qc3 b6 10.b4 f5 11.bxc5 b5 12.a4 Nf6 13.axb5 fxe4 14.dxe4 Nxe4 15.Qb4 
Nf6 16.c4 O-O 17.Nc3 Nh5 18.O-O-O Nf4 19.Ne1 e4 20.Kc2 Nd3 21.Nxd3 exd3+ 
22.Kb3 cxb5 23.cxb5 Be6+ 24.Kb2 Qf7 25.Rxd3 Bc4 26.Rd7 Qxd7 27.Qxc4+ Kh7 
28.Kb3 Rfd8 29.Rc1 a6 30.b6 Rac8 31.Qxa6 Qc6 32.Qc4 Ra8 33.Qe4 Qf6 34.b7 
Ra6 35.Qc4 Rb8 36.Qb5 Qf7+ 37.Kc2 Ra3 38.c6 Rxc3+ 39.Kd2 Rxe3 40.fxe3 Qf2+
41.Kd3 Rd8+ 42.Kc4 Qe2+ 43.Kb4 Qd2+ 44.Ka4 Qxc1 45.Qb6 Qc4+ 0-1

[Event "41st Pan-American U20"]
[Site "Guatape COL"]
[Date "2016.06.23"]
[Round "6.7"]
[White "Nieto Rodriguez, Alejandro"]
[Black "Acosta, Pablo Ismael"]
[Result "1/2-1/2"]
[WhiteElo "2203"]
[BlackElo "2380"]
[EventDate "2016.06.20"]
[PlyCount "36"]

1.d4 Nf6 2.Bf4 d6 3.e3 g6 4.Nf3 Bg7 5.Be2 O-O 6.O-O Nbd7 7.c4 c5 8.Nc3 Nh5
9.Bg5 h6 10.Bh4 g5 11.Ne1 cxd4 12.exd4 Nf4 13.Bg3 Nxe2+ 14.Nxe2 b5 15.cxb5
a6 16.Nc3 axb5 17.Nc2 Nf6 18.Re1 Bg4 1/2-1/2

[Event "41st Pan-American U20"]
[Site "Guatape COL"]
[Date "2016.06.23"]
[Round "6.8"]
[White "Jimenez Garcia, Emmanuel"]
[Black "Oliva Meneses, Juan Carlos"]
[Result "1-0"]
[WhiteElo "2218"]
[BlackElo "2216"]
[EventDate "2016.06.20"]
[PlyCount "79"]

1.c4 c5 2.g3 Nc6 3.Bg2 g6 4.Nc3 Bg7 5.e3 d6 6.Nge2 e5 7.O-O Nge7 8.a3 O-O 
9.b4 Be6 10.d3 Rc8 11.Rb1 b6 12.Qb3 Qd7 13.Rd1 Bh3 14.Bh1 f5 15.Nd5 Nxd5 
16.cxd5 Ne7 17.bxc5 bxc5 18.Qb7 Rc7 19.Qb5 Qxb5 20.Rxb5 Rfc8 21.a4 c4 22.
d4 e4 23.Nc3 Bg4 24.Rd2 g5 25.Ba3 Rd7 26.Bg2 Bh5 27.Rdb2 Bf7 28.g4 fxg4 
29.Bxe4 Bf6 30.a5 Kg7 31.a6 Bg6 32.Bxg6 Kxg6 33.Rb7 Rcd8 34.Rxd7 Rxd7 35.
Rb7 Rd8 36.Rxa7 Rb8 37.Rb7 Ra8 38.a7 Nc8 39.Nb5 c3 40.Rb8 1-0

[Event "41st Pan-American U20"]
[Site "Guatape COL"]
[Date "2016.06.23"]
[Round "6.9"]
[White "Ruiz Castillo, Joshua Daniel"]
[Black "Gonzalez Lopez, Nicolas Mateo"]
[Result "1-0"]
[WhiteElo "2399"]
[BlackElo "2100"]
[EventDate "2016.06.20"]
[PlyCount "115"]

1.e4 c6 2.d4 d5 3.e5 Bf5 4.h4 h6 5.g4 Be4 6.f3 Bh7 7.e6 Qd6 8.exf7+ Kxf7 
9.f4 Nf6 10.Nf3 Nxg4 11.h5 Nd7 12.Bh3 Ngf6 13.Ne5+ Kg8 14.Qe2 Be4 15.Rg1 
e6 16.Nc3 Bf5 17.Bxf5 exf5 18.Be3 Ng4 19.Rxg4 fxg4 20.Qxg4 Nf6 21.Qf5 Be7 
22.O-O-O Rf8 23.Ng6 Re8 24.Ne5 Rf8 25.Rg1 Rh7 26.Rg6 Re8 27.Qh3 Bd8 28.Ne2
Qe6 29.f5 Qd6 30.Qg3 Bc7 31.Bxh6 Qe7 32.Nf4 Ne4 33.Qg4 Bxe5 34.dxe5 Qxe5 
35.f6 Qxf6 36.Rxf6 Nxf6 37.Qf5 Rxh6 38.b3 b5 39.b4 Re1+ 40.Kb2 Rf1 41.Qe5 
Kh7 42.Qf5+ Kg8 43.Qc8+ Kh7 44.Ng6 Nxh5 45.Ne7 Nf6 46.Nxc6 Ne4 47.Ne7 Rhh1
48.Qg8+ Kh6 49.Qh8+ Kg5 50.Qxg7+ Kh4 51.Nxd5 Rb1+ 52.Ka3 Ng5 53.Qd4+ Kh5 
54.Nf4+ Kg4 55.Nd3+ Kh5 56.Qh8+ Kg4 57.Qc8+ Kh5 58.Qe8+ 1-0